000 01239nam a2200301Ia 4500
001 2595
003 IT-RoPAU
008 130308s9999 xx 000 0 und d
040 _aIT-RoPAU
040 _cIT-RoPAU
041 _aFRANCESE
100 _aEjzenstejn Sergej Michailovic
100 _gCodice Aut. SPICS: 6988
245 _aCinematisme peinture et cinema
245 _bCinematisme peinture et Cinema
250 _a1a ed.
260 _aBRUXELLES
260 _bComplexe
260 _c1980 [1° Ed.:1980 - Ed.Ling.Originale:]
300 _a"306 p. (prefazione: no ; testo: 306)"
500 _a* Greco Y El cine (El)* Prometheus* Quelques Mots Sur la Composition plastique Et Audiovisuel* a L'Enchanteur Du Verger Aux Poires* Dedoublement De L'Unique (Le)* Pair Impair (Pari e Dispari)* Ermolova* Rodin Et Rilkecinematismo Pittura e Cinema El Greco e Il Cinema Affreschi D'Orozco di Diego Rivera e di Siqueiros Composizione plastica e Audiovisiva Eugene Delacroix Mei Lan Fang maestro di Teatro Cinese Yim e Yang e la Pittura dell'Estremo Oriente Problema Dello Spazio
650 _aTEORICHE CINEMATOGRAFICHE
650 _eCodice materia Spics: 6805
942 _cBK
957 _71
999 _c71125
_d71125
999 _bSI
999 _g1